Billboard Hot 100 #1 Hits of 2014 - Statistics

General Stats
  • This quiz has been taken 34 times
  • The average score is 44 of 52
Answer Stats
Issue Date #1 Hit Artist % Correct
March 8 Happy Pharrell Williams
100%
March 15 Happy Pharrell Williams
100%
March 22 Happy Pharrell Williams
100%
March 29 Happy Pharrell Williams
100%
April 5 Happy Pharrell Williams
100%
April 12 Happy Pharrell Williams
100%
April 19 Happy Pharrell Williams
100%
April 26 Happy Pharrell Williams
100%
May 3 Happy Pharrell Williams
100%
May 10 Happy Pharrell Williams
100%
May 17 All of Me John Legend
96%
May 24 All of Me John Legend
96%
May 31 All of Me John Legend
96%
January 18 Timber Pitbull ft. Kesha
88%
January 25 Timber Pitbull ft. Kesha
88%
February 1 Timber Pitbull ft. Kesha
88%
September 20 All About That Bass Meghan Trainor
84%
September 27 All About That Bass Meghan Trainor
84%
October 4 All About That Bass Meghan Trainor
84%
October 11 All About That Bass Meghan Trainor
84%
October 18 All About That Bass Meghan Trainor
84%
October 25 All About That Bass Meghan Trainor
84%
November 1 All About That Bass Meghan Trainor
84%
November 8 All About That Bass Meghan Trainor
84%
July 26 Rude Magic!
84%
August 2 Rude Magic!
84%
August 9 Rude Magic!
84%
August 16 Rude Magic!
84%
August 23 Rude Magic!
84%
August 30 Rude Magic!
84%
February 8 Dark Horse Katy Perry ft. Juicy J
80%
February 15 Dark Horse Katy Perry ft. Juicy J
80%
February 22 Dark Horse Katy Perry ft. Juicy J
80%
March 1 Dark Horse Katy Perry ft. Juicy J
80%
June 7 Fancy Iggy Azalea ft. Charli XCX
80%
June 14 Fancy Iggy Azalea ft. Charli XCX
80%
June 21 Fancy Iggy Azalea ft. Charli XCX
80%
June 28 Fancy Iggy Azalea ft. Charli XCX
80%
July 5 Fancy Iggy Azalea ft. Charli XCX
80%
July 12 Fancy Iggy Azalea ft. Charli XCX
80%
July 19 Fancy Iggy Azalea ft. Charli XCX
80%
January 4 The Monster Eminem ft. Rihanna
76%
January 11 The Monster Eminem ft. Rihanna
76%
September 6 Shake It Off Taylor Swift
68%
September 13 Shake It Off Taylor Swift
68%
November 15 Shake It Off Taylor Swift
68%
November 22 Shake It Off Taylor Swift
68%
November 29 Blank Space Taylor Swift
64%
December 6 Blank Space Taylor Swift
64%
December 13 Blank Space Taylor Swift
64%
December 20 Blank Space Taylor Swift
64%
December 27 Blank Space Taylor Swift
64%
No matching quizzes found
Score Distribution
Percent of People with Each Score
Percentile by Number Answered
Your Score History
You have not taken this quiz